[Event "zonal 3.2 (w)"]
[Site "New Delhi IND"]
[Date "2009.08.09"]
[Round "1"]
[White "Tania, Sachdev"]
[Black "Ranasinghe, Sachini"]
[Result "1-0"]
[WhiteElo "2410"]
[BlackElo "1852"]
[EventDate "2009.08.09"]
[PlyCount "67"]

1.d4 d5 2.c4 e6 3.Nc3 Nf6 4.cxd5 exd5 5.Bg5 Be7 6.e3 c6 7.Bd3 Nbd7 8.Nf3 
O-O 9.Qc2 Re8 10.Bf4 Nf8 11.h3 Ng6 12.Bh2 Bf8 13.O-O-O a5 14.Kb1 Bd7 15.
Rc1 b5 16.g4 b4 17.Na4 Ne4 18.Ka1 c5 19.Nxc5 Bxc5 20.dxc5 Bc6 21.Nd4 Qd7 
22.f3 Ng5 23.h4 Ne6 24.Bd6 Nef8 25.Qe2 a4 26.Nxc6 a3 27.Nxb4 axb2+ 28.Qxb2
Rxe3 29.h5 Ne7 30.h6 f6 31.hxg7 Kxg7 32.g5 Rxf3 33.gxf6+ Rxf6 34.Be5 1-0

[Event "zonal 3.2 (w)"]
[Site "New Delhi IND"]
[Date "2009.08.09"]
[Round "1"]
[White "Swathi, Ghate"]
[Black "Kruttika, Nadig"]
[Result "0-1"]
[WhiteElo "2344"]
[BlackElo "2268"]
[EventDate "2009.08.09"]
[PlyCount "74"]

1.e4 c5 2.Nf3 g6 3.d4 Bg7 4.dxc5 Qa5+ 5.Bd2 Qxc5 6.Bc3 Nf6 7.Bd3 d6 8.h3 
O-O 9.Nbd2 Bd7 10.Qe2 a5 11.O-O a4 12.Rfe1 Nc6 13.a3 Rfc8 14.Nf1 b5 15.Ne3
b4 16.axb4 Nxb4 17.Qd2 Nc6 18.Ra3 Qh5 19.Nf1 Qc5 20.Ne3 Nh5 21.Nd5 e6 22.
Bxg7 Kxg7 23.Nc3 Qb4 24.Rea1 Nd4 25.Nxd4 Qxd4 26.R1a2 Nf6 27.Qe2 Rcb8 28.
Nb5 Bxb5 29.Bxb5 Qe5 30.c4 Ra5 31.Rxa4 Rxa4 32.Rxa4 Qxe4 33.Qxe4 Nxe4 34.
Ra5 Kf6 35.Kf1 d5 36.cxd5 Nd2+ 37.Ke2 Nb3 0-1

[Event "zonal 3.2 (w)"]
[Site "New Delhi IND"]
[Date "2009.08.10"]
[Round "2"]
[White "Mohota, Nisha"]
[Black "Swathi, Ghate"]
[Result "1/2-1/2"]
[WhiteElo "2315"]
[BlackElo "2344"]
[EventDate "2009.08.09"]
[PlyCount "96"]

1.d4 d5 2.c4 c6 3.Nf3 Nf6 4.e3 Bg4 5.Qb3 Qb6 6.Nc3 e6 7.Nh4 Bh5 8.h3 g5 9.
Nf3 h6 10.Ne5 Nfd7 11.Nxd7 Nxd7 12.cxd5 Qxb3 13.axb3 exd5 14.Bd3 Rg8 15.
Bd2 Bg6 16.Bxg6 Rxg6 17.Na4 a6 18.b4 O-O-O 19.Nc5 Bd6 20.Ke2 Nb6 21.b3 Kb8
22.g4 f5 23.f3 Rf8 24.gxf5 Rxf5 25.e4 Rf7 26.Rag1 Bf4 27.Bxf4+ Rxf4 28.Nd3
Rf8 29.e5 Nc8 30.h4 Ne7 31.h5 Rgg8 32.Rg4 Nf5 33.Nc5 Kc8 34.Rhg1 Ng7 35.f4
Nxh5 36.Ne6 Rf5 37.fxg5 hxg5 38.Nxg5 Rf4 39.Ke3 Rxg4 40.Rxg4 Kd7 41.Rg1 
Rg6 42.Kf3 Ng7 43.Kg4 Ne6 44.Kf5 Rg8 45.Rg4 Rf8+ 46.Kg6 Rg8+ 47.Kf5 Rf8+ 
48.Kg6 Rg8+ 1/2-1/2

[Event "zonal 3.2 (w)"]
[Site "New Delhi IND"]
[Date "2009.08.11"]
[Round "3"]
[White "Sultana, Sharmin Shirin"]
[Black "Mohota, Nisha"]
[Result "0-1"]
[WhiteElo "1974"]
[BlackElo "2315"]
[EventDate "2009.08.09"]
[PlyCount "108"]

1.d4 d5 2.c4 e6 3.Nc3 Bb4 4.Bf4 Ne7 5.Nf3 O-O 6.a3 Bxc3+ 7.bxc3 dxc4 8.e4 
f5 9.exf5 Rxf5 10.Bg3 b5 11.a4 c6 12.Be2 Nd5 13.Qc2 Nd7 14.O-O N7b6 15.
axb5 cxb5 16.Nh4 Rf8 17.Bf3 Qg5 18.Rfe1 Qh6 19.Re5 g6 20.Re4 Nf6 21.Ree1 
g5 22.Bxa8 gxh4 23.Bd6 Nxa8 24.Bxf8 Kxf8 25.Rxa7 Nb6 26.Qa2 Kg8 27.Qe2 Qg6
28.h3 Qf5 29.Qd2 Bd7 30.Rb7 Nbd5 31.Re5 Qf4 32.Qc2 Kg7 33.Ra7 Kh6 34.Ra8 
Ne8 35.Rd8 Nef6 36.Rh8 Kg7 37.Rd8 Qh6 38.Re1 Qg6 39.Qc1 Kf7 40.Rb8 Nh5 41.
f3 Nhf4 42.Qd2 Nxh3+ 43.Kh1 Qg3 44.gxh3 Qxb8 45.Re5 Qg8 46.Rg5 Qa8 47.Qg2 
Qa1+ 48.Kh2 Ke7 49.Rh5 Kd6 50.Rxh4 Qxc3 51.Qg3+ Kc6 52.Qb8 Qd2+ 53.Kg3 
Qe1+ 54.Kg4 Qg1+ 0-1

[Event "zonal 3.2 (w)"]
[Site "New Delhi IND"]
[Date "2009.08.12"]
[Round "4"]
[White "Mohota, Nisha"]
[Black "Tania, Sachdev"]
[Result "1/2-1/2"]
[WhiteElo "2315"]
[BlackElo "2410"]
[EventDate "2009.08.09"]
[PlyCount "79"]

1.d4 d5 2.c4 e5 3.dxe5 d4 4.Nf3 Nc6 5.Nbd2 Bg4 6.a3 Qe7 7.h3 Bxf3 8.Nxf3 
O-O-O 9.Qd3 Kb8 10.Bf4 h6 11.g4 g5 12.Bg3 Bg7 13.Bg2 Qe6 14.b4 Nge7 15.b5 
Na5 16.Rc1 c5 17.h4 gxh4 18.Rxh4 Ka8 19.Bh3 Ng6 20.Rh5 Rde8 21.g5 Qe7 22.
e6 hxg5 23.exf7 Rxh5 24.fxe8=Q+ Qxe8 25.Bf5 Nf4 26.Bxf4 Rh1+ 27.Kd2 Rxc1 
28.Kxc1 gxf4 29.Nd2 Qg8 30.Bh7 Qf7 31.Be4 f3 32.Bd5 fxe2 33.Qxe2 d3 34.Qe4
Qf8 35.Qxd3 Qxf2 36.Qh3 Kb8 37.Kc2 Kc7 38.Qe6 Qf6 39.Qxf6 Bxf6 40.Nb3 
1/2-1/2

[Event "zonal 3.2 (w)"]
[Site "New Delhi IND"]
[Date "2009.08.12"]
[Round "4"]
[White "Kruttika, Nadig"]
[Black "Ranasinghe, Sachini"]
[Result "1-0"]
[WhiteElo "2268"]
[BlackElo "1852"]
[EventDate "2009.08.09"]
[PlyCount "133"]

1.e4 c5 2.Nf3 b6 3.d4 cxd4 4.Nxd4 Bb7 5.Nc3 d6 6.Bb5+ Nd7 7.O-O a6 8.Bc4 
g6 9.Bd5 Qc7 10.Be3 Bg7 11.Qd2 Ngf6 12.Bh6 O-O 13.Rae1 Nc5 14.Bxg7 Kxg7 
15.Qg5 e6 16.Bxb7 Qxb7 17.Qh4 h6 18.f3 Rh8 19.b4 Ncd7 20.f4 e5 21.Nf3 Qc6 
22.Nd5 Nxd5 23.exd5 Qxd5 24.fxe5 dxe5 25.Nxe5 Nxe5 26.Qf6+ Kh7 27.Rxe5 
Qd4+ 28.Kh1 Rhf8 29.Re7 Qxf6 30.Rxf6 Rac8 31.Re2 Rb8 32.h4 Kg7 33.Rd6 Rfd8
34.Red2 Rxd6 35.Rxd6 h5 36.Rc6 Rb7 37.Kh2 a5 38.b5 Kf8 39.Kg3 Ke7 40.Kf4 
f6 41.Ke4 Rb8 42.Rc7+ Kd6 43.Rc6+ Ke7 44.g3 Rb7 45.a3 Rb8 46.a4 Rb7 47.c3 
Rb8 48.Rc7+ Ke6 49.c4 Rd8 50.c5 bxc5 51.Rxc5 Rd1 52.Rc6+ Kd7 53.Ra6 Re1+ 
54.Kf3 Kc7 55.Rxa5 Re6 56.Ra7+ Kb8 57.Ra6 Rxa6 58.bxa6 Ka7 59.Ke4 Kxa6 60.
Kd5 Ka5 61.Ke6 g5 62.Kxf6 gxh4 63.gxh4 Kxa4 64.Kg5 Kb5 65.Kxh5 Kc6 66.Kg6 
Kd7 67.h5 1-0

[Event "zonal 3.2 (w)"]
[Site "New Delhi IND"]
[Date "2009.08.12"]
[Round "4"]
[White "Swathi, Ghate"]
[Black "Sultana, Sharmin Shirin"]
[Result "0-1"]
[WhiteElo "2344"]
[BlackElo "1974"]
[EventDate "2009.08.09"]
[PlyCount "72"]

1.e4 c5 2.Nf3 e6 3.d4 cxd4 4.Nxd4 Nc6 5.Nb5 d6 6.c4 Nf6 7.N5c3 Be7 8.Be3 
O-O 9.a3 b6 10.Be2 Bb7 11.O-O Rc8 12.Nd2 Qc7 13.Rc1 Rfd8 14.Bf4 Qb8 15.Bg3
Qa8 16.f4 Nd4 17.Bh4 Rd7 18.Bd3 Ne8 19.Bf2 Bf6 20.Qg4 Rcd8 21.Qh3 g6 22.f5
Qc8 23.Nb5 Nxb5 24.cxb5 Rc7 25.Rxc7 Nxc7 26.fxg6 hxg6 27.Bxb6 axb6 28.Rxf6
Nxb5 29.Rf1 Nd4 30.Qe3 Qc5 31.Kh1 b5 32.h3 Rd7 33.Qf3 Qe5 34.a4 Bc6 35.a5 
Qg7 36.Rc1 Qe5 0-1

[Event "zonal 3.2 (w)"]
[Site "New Delhi IND"]
[Date "2009.08.13"]
[Round "5"]
[White "Ranasinghe, Sachini"]
[Black "Mohota, Nisha"]
[Result "0-1"]
[WhiteElo "1852"]
[BlackElo "2315"]
[EventDate "2009.08.09"]
[PlyCount "46"]

1.c4 e6 2.g3 d5 3.cxd5 exd5 4.Bg2 Nf6 5.Nf3 Bd6 6.b3 d4 7.Bb2 c5 8.O-O Nc6
9.Na3 O-O 10.Rc1 Nb4 11.Nc4 Nxa2 12.Ra1 Nb4 13.Nxd6 Qxd6 14.Qb1 Bd7 15.Rc1
Bb5 16.d3 Rfe8 17.Bf1 Bc6 18.Ba3 Nfd5 19.Qb2 Nc3 20.Rxc3 dxc3 21.Qxc3 a5 
22.Bb2 f6 23.Nd2 b5 0-1

[Event "zonal 3.2 (w)"]
[Site "New Delhi IND"]
[Date "2009.08.14"]
[Round "6"]
[White "Sultana, Sharmin Shirin"]
[Black "Tania, Sachdev"]
[Result "1-0"]
[WhiteElo "1974"]
[BlackElo "2410"]
[EventDate "2009.08.09"]
[PlyCount "73"]

1.d4 Nf6 2.c4 e6 3.Nc3 Bb4 4.Qc2 O-O 5.Bg5 d5 6.e3 h6 7.Bh4 Nbd7 8.Bd3 
dxc4 9.Bxc4 c5 10.Ne2 cxd4 11.Nxd4 Ne5 12.Bb3 Ng6 13.Bg3 e5 14.Ne2 e4 15.
Rd1 Qa5 16.O-O Bg4 17.Bd6 Bxd6 18.Rxd6 Rfd8 19.Rxd8+ Rxd8 20.Rd1 Rxd1+ 21.
Qxd1 Nh4 22.h3 Bh5 23.Qd2 Bf3 24.g3 Ng6 25.Nf4 Nxf4 26.exf4 Qf5 27.Kh2 Qh5
28.Qd8+ Kh7 29.h4 Qf5 30.Bc2 Qc5 31.Qd2 b5 32.a3 b4 33.axb4 Qc4 34.Kg1 Qa6
35.b5 Qa1+ 36.Bb1 Qa5 37.Nxe4 1-0

[Event "zonal 3.2 (w)"]
[Site "New Delhi IND"]
[Date "2009.08.15"]
[Round "7"]
[White "Kruttika, Nadig"]
[Black "Mohota, Nisha"]
[Result "1-0"]
[WhiteElo "2268"]
[BlackElo "2315"]
[EventDate "2009.08.09"]
[PlyCount "127"]

1.e4 e5 2.Nf3 Nc6 3.Bb5 a6 4.Ba4 Nf6 5.O-O Be7 6.Re1 b5 7.Bb3 d6 8.c3 O-O 
9.d4 Bg4 10.d5 Na5 11.Bc2 c6 12.h3 Bc8 13.dxc6 Qc7 14.Nbd2 Qxc6 15.a4 Be6 
16.Ng5 Bd7 17.Nf1 h6 18.Nf3 Rfe8 19.Ng3 Be6 20.Nh4 Kh8 21.Nhf5 Bf8 22.Qf3 
Ng8 23.Ne3 Nb3 24.Bxb3 Bxb3 25.a5 Rad8 26.Ra3 Be6 27.Nd5 Bxd5 28.exd5 Qb7 
29.Rd1 Rc8 30.Be3 Rc4 31.Ne4 Rb8 32.b3 Rcc8 33.Ra2 Qe7 34.Bb6 g6 35.Nd2 
Nf6 36.c4 bxc4 37.Nxc4 Bg7 38.Rc2 Nh5 39.Rdc1 e4 40.Qg4 Kh7 41.Ne3 Rxc2 
42.Rxc2 Rb7 43.Qe2 f5 44.Nxf5 gxf5 45.Qxh5 Qe5 46.Rd2 e3 47.Bxe3 Rxb3 48.
Rd1 Qe4 49.Qf7 Kh8 50.Qe6 Kh7 51.Qxd6 Rb5 52.Qd7 Rb4 53.d6 f4 54.Bc5 Rc4 
55.Bb6 Qc2 56.Qg4 f3 57.Qxf3 Rc3 58.Qd5 Kg6 59.d7 Bf6 60.d8=Q Bxd8 61.Bxd8
Qb3 62.Qd6+ Kf7 63.Qe7+ Kg8 64.Qe8+ 1-0

[Event "zonal 3.2 (w)"]
[Site "New Delhi IND"]
[Date "2009.08.15"]
[Round "7"]
[White "Ranasinghe, Sachini"]
[Black "Sultana, Sharmin Shirin"]
[Result "1-0"]
[WhiteElo "1852"]
[BlackElo "1974"]
[EventDate "2009.08.09"]
[PlyCount "105"]

1.c4 e6 2.d4 d5 3.g3 c6 4.Nf3 Nf6 5.Bg2 Be7 6.O-O O-O 7.b3 b6 8.Bb2 Bb7 9.
Nbd2 Nbd7 10.Ne5 Re8 11.Rc1 c5 12.dxc5 bxc5 13.cxd5 exd5 14.Rc2 Qb6 15.e3 
Nxe5 16.Bxe5 Qe6 17.Bb2 Red8 18.Re1 h6 19.Qa1 Qf5 20.Rcc1 Rd6 21.Qb1 Qxb1 
22.Rxb1 Ne4 23.Red1 Rad8 24.Rbc1 f5 25.Ba3 Ra6 26.Nxe4 dxe4 27.Rxd8+ Bxd8 
28.Bxc5 Rxa2 29.Bh3 g6 30.Bf1 Ba6 31.Rd1 Bc7 32.b4 Bxf1 33.Kxf1 Rb2 34.Rd7
Bb6 35.Rd6 Bxc5 36.bxc5 a5 37.Rxg6+ Kf7 38.Rxh6 Ra2 39.Rh7+ Ke6 40.Ra7 a4 
41.c6 Ra1+ 42.Kg2 a3 43.c7 Kd7 44.h4 a2 45.h5 Rc1 46.Rxa2 Rxc7 47.Ra6 Ke7 
48.Rg6 Kf7 49.g4 Rc5 50.Rg5 Kf6 51.Rxf5+ Rxf5 52.gxf5 Kxf5 53.Kg3 1-0